000 00665nas a2200229 4500
001 BR7302247
003 BR-BrBNA
005 20231205082424.0
007 ta
008 230509b bl.|||p| |||| 00| 00por d
040 _aBR-BrBNA
_bpor
_cBiblioteca Nacional de Agricultura
041 _a(En)
072 _aF50
100 1 _aMelhem, T.S.
100 1 _aMauro, C.
245 1 _aPollen morphological studies in Gesneriaceae [herbacea, polen, morfologia]
650 _aMORFOLOGIA VEGETAL
650 _aPOLEN
773 0 _tHoehnea (Brazil)
_xISSN 0073-0912
_g(Dec 1973), v. 3 p. 13-27
_wBR7302247
909 _a202311
_bLúcia
_c55
_dLúcia Elande
942 _2AGRIS
_n0
_cANA
999 _c91661
_d91661